[Event "RSA-ch U08 Girls"]
[Site "Gauteng"]
[Date "2017.04.08"]
[Round "6"]
[White "Olivier, Lienke"]
[Black "Louis, Caitlyn"]
[Result "0-1"]
[WhiteElo "500"]
[BlackElo "636"]
[PlyCount "46"]
[EventDate "2017.04.05"]
[EventType "swiss"]
[EventRounds "11"]
[EventCountry "RSA"]
[SourceTitle "CBM 177 Extra"]
[Source "ChessBase"]
[SourceDate "2017.04.27"]
[SourceVersion "1"]
[SourceVersionDate "2017.04.27"]
[SourceQuality "1"]

1. e4 e5 2. Nf3 Nc6 3. Bc4 Nf6 4. Nc3 Bc5 5. d3 0-0 6. Bg5 h6 7. Bh4 d6 8. h3 Nd4 9. Nxd4 exd4 10. Nd5 Be6 11. Nxf6+ Kh8 12. 0-0 Bxc4 13. dxc4 Qe8 14. Re1 Bb4 15. c3 dxc3 16. bxc3 Bxc3 17. Rc1 Bxe1 18. Qxe1 Rd8 19. Qe2 Qe5 20. Bg3 Qxf6 21. Bh4 Qxh4 22. g3 Qxh3 23. c5 Rfe8 0-1